书目信息 |
| 题名: |
维修电工技术问答
|
|
| 作者: | 孙克军 主编 | |
| 分册: | ||
| 出版信息: | 北京 中国电力出版社 2003.11 |
|
| 页数: | 575页 | |
| 开本: | 21cm | |
| 丛书名: | ||
| 单 册: | ||
| 中图分类: | TM07-44 | |
| 科图分类: | ||
| 主题词: | 电工--维修--问答 | |
| 电子资源: | ||
| ISBN: | 7-5083-1714-9 | |
| 000 | 00619nam0 2200217 45 | |
| 001 | 012004000000 | |
| 005 | 20041020104342.28 | |
| 010 | @a7-5083-1714-9@dCNY 29.00 | |
| 100 | @a20040910d2003 em y0chiy0121 ea | |
| 101 | 0 | @achi |
| 102 | @aCN@b110000 | |
| 105 | @aak z 000yy | |
| 200 | 1 | @a维修电工技术问答@Awei xiu dian gong ji shu wen da@f孙克军主编 |
| 210 | @a北京@c中国电力出版社@d2003.11 | |
| 215 | @a575页@c图, 表格@d21cm | |
| 320 | @a本书含参考文献 | |
| 606 | 0 | @a电工@x维修@j问答 |
| 690 | @aTM07-44@v4 | |
| 701 | 0 | @a孙克军@Asun ke jun@4主编 |
| 801 | 0 | @aCN@bQSSKt@c20041020 |
| 905 | @a10447@dTM07-44@eS920 | |
| 维修电工技术问答/孙克军主编.-北京:中国电力出版社,2003.11 |
| 575页:图, 表格;21cm |
| ISBN 7-5083-1714-9:CNY 29.00 |
| ● |
| 相关链接 |
|
|
|
正题名:维修电工技术问答
索取号:TM07-44/S920
 
预约/预借
| 序号 | 登录号 | 条形码 | 馆藏地/架位号 | 状态 | 备注 |
| 1 | 421410 | 204214108 | 自科库301/301自科库 5排4列4层/ [索取号:TM07-44/S920] | 在馆 | |
| 2 | 421411 | 204214117 | 自科库301/301自科库 5排4列4层/ [索取号:TM07-44/S920] | 在馆 |